Sortiment potravín na európskom trhu určený pre celiatikov diplomová práca

Enregistré dans:
Détails bibliographiques
Auteur principal: Horváth, Martin
Collectivité auteur: Obchodná fakulta EU. Katedra tovaroznalectva a kvality tovaru
Autres auteurs: Lacková, Alica
Format: Livre
Langue:slovaque
Publié: Bratislava 2016
Tags: Ajouter un tag
Pas de tags, Soyez le premier à ajouter un tag!

MARC

LEADER 00000nbm a2200000 4500
001 0216643
005 20161201144150.9
041 0 |a slo 
044 |a SK 
245 1 0 |a Sortiment potravín na európskom trhu určený pre celiatikov  |b diplomová práca  |c Martin Horváth ; školiteľ: Alica Lacková 
264 1 |a Bratislava  |c 2016 
300 |a 70 s. 
100 1 |a Horváth, Martin 
700 1 |a Lacková, Alica 
710 2 |a Obchodná fakulta EU. Katedra tovaroznalectva a kvality tovaru